000 01134nam0a22002771 4500
001 rc\4164
005 20021204101701.6
035 _a(NLR Aleph) 005294393
090 _a6223662
_c6223662
100 _a20021204d1992 u |0rusy50 ca
101 0 _arus
102 _aRU
105 _aa |||||||||
200 1 _aРелятивистская функция Грина с центральным несингулярным потенциалом
_fЗаридзе Г.Г., Иванов Л.Н., Иванова Е.П.
210 _aТроицк (Моск. обл.)
_cБ. и.
_d1992
215 _a34 с.
_cграф.
_d20
225 1 _aПрепринт
_fАН СССР. Отд-ние общ. физики и астрономии. Ин-т спектроскопии
_v№ 1
320 _aБиблиогр.: с. 33-34
700 1 _aЗаридзе
_bГ. Г.
_gГоча Годердзиевич
701 1 _aИванов
_bЛ. Н.
_gЛеонид Николаевич
701 1 _aИванова
_bЕ. П.
_gЕлена Петровна
801 0 _aRU
_bNLR
_gpsbo
801 1 _aRU
_bELAR
_2rusmarc
852 _aNLR
_j93-4/594
942 _cBOOK
980 _aNB